书目信息 |
| 题名: |
场效应晶体管理论基础
|
|
| 作者: | 亢宝位 编著 | |
| 分册: | ||
| 出版信息: | 北京 科学出版社 1985 |
|
| 页数: | 356页 | |
| 开本: | 26cm | |
| 丛书名: | ||
| 单 册: | ||
| 中图分类: | TN322 | |
| 科图分类: | ||
| 主题词: | 场效应晶体管 | |
| 电子资源: | ||
| ISBN: | ||
| 000 | 00651nam0 2200241 45 | |
| 001 | 0185020747 | |
| 005 | 20040519103850.7 | |
| 010 | @dCNY5.40 | |
| 091 | @a15031.653 | |
| 100 | @a19900921d1985 emky0chiy0121 ea | |
| 101 | 0 | @achi |
| 102 | @aCN@b110000 | |
| 105 | @ay z 000yy | |
| 106 | @ar | |
| 200 | 10 | @a场效应晶体管理论基础@Achang xiao ying jing ti guan li lun ji chu@f亢宝位编著 |
| 210 | @a北京@c科学出版社@d1985 | |
| 215 | @a356页@d26cm | |
| 606 | @a场效应晶体管 | |
| 690 | @aTN322@v3 | |
| 701 | 0 | @a亢宝位@Akang bao wei@4编著 |
| 801 | 0 | @aCN@b深圳图书馆@c20040519 |
| 801 | 2 | @aCN@bNLC@c20040519 |
| 905 | @f2@b139075-076@dTN322@e14 | |
| 场效应晶体管理论基础/亢宝位编著.-北京:科学出版社,1985 |
| 356页;26cm |
| ISBN :CNY5.40 |
| ● |
| 相关链接 |
|
|
|
|
正题名:场效应晶体管理论基础
索取号:TN322/14
 
预约/预借
| 序号 | 登录号 | 条形码 | 馆藏地/架位号 | 状态 | 备注 |
| 1 | 0139075 | 001351753 | 第三借阅区/ [索取号:TN322/14] | 在馆 | |
| 2 | 0139076 | 001351833 | 第三借阅区/ [索取号:TN322/14] | 在馆 |